Регионална библиотека "Любен Каравелов" - Русе

Интонация и музикален образ (Запис номер 116724)

MARC детайли
000 -Лидер
Контролно поле с фиксирана дължина nam a22 a 4500
003 - Код на организацията, давaща контролен номер
Контролно поле BLK
005 - Дата и час на последна редакция
Контролно поле 20220725081302.0
008 - Елементи от данни с фиксирана дължина
fixed length control field 180409b bul|||||r ||||||| ||bul||
010 ## - Наследен системен номер
LC control number KNG00122284000
040 ## - Източник на каталожния запис
Идентификатор на билиотеката - собственик на записа BLK
041 ## - Код за език
Код за езика на текст/звукозапис или на отделно заглавие Български
Код за езика КДБФ Български
080 ## - УДК
Текстов определител УДК Естетика. Философия. Вкус. Теория на музиката. Вж и 534.3;781
УДК код - определител по УДК 78.01
УДК - код + определител 78.01
100 1# - Редна дума - Автор
Автор Стоянов, Стоян Иванов
Авторска отговорност първи автор
R(LIN) 370015
139 ## - Редно поле
Редна дума Стоянов, Стоян Иванов
Авторски знак Стоя - С 83
245 10 - Сведения за заглавието
Заглавие Интонация и музикален образ
Редно поле (дума) Стоян Иванов Стоянов.
257 ## - Страна на издаване
Страна на създаване/издаване България
260 ## - Област на издателските данни
Място на издаване, разпространение и проч. София
Име на издателя, разпространителя и проч. БАН
Година на издаване 1973
300 ## - Физическа характеристика
Страници 140 с.
Илюстрации и др. с ноти
Размери/Мащаб 24 см
380 ## - Жанр
Жанр Изкуство
500 ## - Общи забележки
Забележка Изд. на БАН. Инст. за музикознание. - Рез. на рус., нем. ез.
504 ## - Забележка за наличие на библиография и др
Забележка за наличие на библиография и под. Библиогр. под линия
650 #4 - Допълнително описание по предмет – тема
Основно описание – тема или топоним Естетика, музикална
9 (RLIN) 246673
653 ## - Ключова дума – ненормативна
Ключова дума музикален образ
653 ## - Ключова дума – ненормативна
Ключова дума музикална естетика
852 ## - Местоположение
Форматна сигнатура Цб 66911
Фондова буква Хранилище
999 ## - СИСТЕМНИ КОНТРОЛНИ НОМЕРА
Koha biblionumber 116724
Koha biblioitemnumber 116724
942 ## - АРТИКУЛИ
Вид на библиотечния материал Книги
Скрит в OPAC Не
Периодичен библиозапис Да
944 ## - СЪЗДАВАНЕ И РЕДАКЦИЯ на ЗАПИСА
Създаване/Редакция Създаване
Дата на регистрацията/редакция 22.03.2011
Статус, дата на статуса добави в АБ / 21.03.2011
Служител, извършил регистрацията/редакцията Ирена_Линкова
944 ## - СЪЗДАВАНЕ И РЕДАКЦИЯ на ЗАПИСА
Създаване/Редакция Редакция
Дата на регистрацията/редакция 2022-07-25
Служител, извършил регистрацията/редакцията ГГГ
Наличности
Код за отписване Код за изгубен артикул Източник на класификационната схема Код за повреда Коз за рестрикции Код за отдаване Артикулен № Име на библиотеката - собственик Име на библиотеката, в която се намира в момента Статус (Текущо местоположение) Дата на вписване в системата Местоположение - отдел Цена в лева Инвентарен номер Систематично азбучна сигнатура Баркод Номер на екземпляра Цена в евро Служебна бележка Служебен тип на артикула
  Не е изгубен Universal Decimal Classification Не е повреден без рестрикции заемане за дома 188087 Регионална библиотека "Любен Каравелов" Русе Регионална библиотека "Любен Каравелов" Русе Отдел Изкуство - подръчен фонд 1973-01-01 Отдел Изкуство - подръчен фонд 1.58 136504 78.01/С 83 120000136504 1 0.81 N: стар фонд Дата: 01.01.1973 Дата инв: 19.06.2012 Бележки инв: * Книги
  Не е изгубен Universal Decimal Classification Не е повреден само за читалня ползва се в читалня 188088 Регионална библиотека "Любен Каравелов" Русе Регионална библиотека "Любен Каравелов" Русе Хранилище 1973-01-01 Хранилище 1.58 135319 Цб 66911 120000135319 2 0.81 Дост: Dp Вид: Д N: стар фонд Дата: 01.01.1973 Книги
Vip Innovations Ltd, Rousse, Bulgaria 2025